01076 2200325 4500001002100000005001500021035002000036007000300056008004100059020002200100082001600122084001800138100003300156245014000189250003600329300005300365650002300418700003600441504003300477264004400510336002100554337003000575338002300605040002200628090002200650850001200672999002200684990002200706990002200728INLIS00000000090118220260107093345 a0010-0126000115ta260107s2025 yoia g 000 0 ind d a978-634-7054-40-104223a297.082 a297.082 ALI m0 aAlimatul QibtiyahePengarang10aMedia, gender dan feminisme di Indonesia :bperspektif komunikasi penyiaran Islam /cAlimatul Qibtiyah; penyunting, Mayda Dwi Hadiyanti aCetakan Pertama, September 2025 axx, 320 halaman :bgambar, tabel, bagan ;c21 cm 4aWanita dalam Islam0 aMayda Dwi HadiyantiePenyunting aBibliografi: halaman 299-30831aYogyakarta :bSuara Muhammadiyah,c2025 2rdacontentateks 2rdamediaatanpa perantara 2rdacarrieravolume aYOPDYOGbinderda aCB-D.11 2025-3900 aYOPDYOG aCB-D.11/2025-3900 aCB-D.11/2025-3900 aCB-D.11/2025-3900